000 00417pab a2200157 454500
008 180718b2017 xxu||||| |||| 00| 0 eng d
100 _aDhanai, Rekha
245 _aBoosting farmers income through efficient cold-chain network
260 _c2017
300 _ap.40-43.
362 _aJun
650 _aIncome
650 _aFarmers
773 _aKurukshetra
909 _a114717
999 _c114711
_d114711